000 00709nam a2200205Ia 4500
003 GCL
005 20240530101739.0
008 140319s9999 xx 000 0 ara d
040 _aGCL /
_cGCL
082 0 4 _a301.32
_bهـ م
100 1 _aوزارة الاعلام
245 1 0 _aالمؤتمر الدولى للسكان والتنمية الحدث والمواقف القاهرة سبتمبر 1994 /
_cوزارة الاعلام
260 _a[S.N] :
_bالوطن العربى للنشر و التوزيع ،
_c1994
300 _a347 ص
490 _aافاق العصر
_v0
650 0 4 _aالتنمية الاقتصادية
650 0 4 _aالاجتماع
650 0 4 _aالسكان
942 _2ddc
_cBK
999 _c27463
_d27463